LEADER 01005oam 2200313z- 450 001 996268147603316 005 20090812085204.0 010 $a1-5090-8257-3 035 $a(CKB)1000000000331794 035 $a(EXLCZ)991000000000331794 100 $a20220614c2007uuuu -u- - 101 0 $aeng 200 10$a2007 IEEE/SP 14th Workshop on Statistical Signal Processing $eMadison, WI, 26-29 August 2007 210 $cIEEE 311 $a1-4244-1197-1 311 $a1-4244-1198-X 517 $aElectrotechnical Conference 517 $a2007 IEEE/SP 14th Workshop on Statistical Signal Processing 531 $assp 606 $aSignal processing$xStatistical methods$vCongresses 606 $aArray processors$vCongresses 615 0$aSignal processing$xStatistical methods 615 0$aArray processors 676 $a004/.33 712 02$aInstitute of Electrical and Electronics Engineers. 906 $aPROCEEDING 912 $a996268147603316 996 $a2007 IEEE$92346897 997 $aUNISA LEADER 01213nam0 22002891i 450 001 UON00091936 005 20231205102514.915 100 $a20020107d1995 |0itac50 ba 101 $aita 102 $aIT 105 $a|||| ||||| 200 1 $aContro Alcibiade$f[Andocide]$gintroduzione, testo critico, traduzione e commento a cura di Pietro Cobetto Ghiggia$gCon "Prefazione e note critiche di Silvio Cataldi 210 $aPisa$cEdizioni ETS$d1995 215 $axxxii,309 p.$d22 cm 410 1$1001UON00087274$12001 $aStudi e testi di storia antica$fdiretti da Mauro Maggi$1210 $aPisa$cETS.$v4 606 $aRETORICA GRECA$xANDOCIDE$3UONC028138$2FI 620 $aIT$dPisa$3UONL000055 686 $aT1$cTESTI E COMMENTI GRECI$2A 700 0$aANDOCIDES$3UONV056309$0164131 702 1$aCOBETTO GHIGGIA$bPietro$3UONV059215 712 $aETS$3UONV257850$4650 801 $aIT$bSOL$c20240220$gRICA 899 $aSIBA - SISTEMA BIBLIOTECARIO DI ATENEO$2UONSI 912 $aUON00091936 950 $aSIBA - SISTEMA BIBLIOTECARIO DI ATENEO$dSI T 1 ANDOCIDES 0900 $eSI MC 19174 5 996 $aIn Alcibiadem$928312 997 $aUNIOR